South Park Characters Quiz Stats

 Plays Quiz not verified by Sporcle

Challenge
Share
Tweet
Embed
Score 0/62 Timer 15:00
0 Plays Today
Hint Answer % Correct
Fat Kid Who Hates KyleEric Cartman
87.8%
Voice Is Always MuffledKenny McCormick
71.4%
Kid With Really Crazy DadStan Marsh
71.4%
Jewish Kid Who Hates CartmanKyle Broflovski
65.3%
Stan's Crazy DadRandy Marsh
65.3%
3rd Grade Teacher Who Has A Hand Puppet Called Mr. HatMr. Garrison
63.3%
Kid Whos Really Gullible And StupidButters Stotch
61.2%
South Park Elementary Counseler Who Always Says M'kayMr. Mackey
59.2%
The School Chef Who Was Killed Off The ShowChef
57.1%
Stan's Girlfriend Who Is An ActivistWendy Testaburger
55.1%
Kyle's Mom Who Is Always Fighting For What's 'Right'Sheila Broflovski
55.1%
The Gay Ruler Of HellSatan
53.1%
A Walking Piece Of Feces Who Always Wears A Christmas HatMr. Hankey
53.1%
Kid Who's Always Hyper On CoffeeTweek Tweak
49%
Kyle's Dad and Who Is A LawyerGerald Broflovski
49%
The Rich Black Kid In South ParkToken Black
49%
South Park's Dumb Police OfficerOfficer Barbrady
49%
A Super Gay Person Who Always Says 'I'm Super Thanks For Asking'Big Gay Al
49%
God's Son Who Has His Own Talk ShowJesus
49%
Handicapped Kid Who Is A ComedianJimmy Valmer
46.9%
Randy's Wife And Stan's MomSharon Marsh
46.9%
The Gay Lover Of Mr. Garrison Before He Turned Into A WomanMr. Slave
46.9%
Kyle's Canadian Little BrotherIke Broflovski
46.9%
Stan's Abusive Older SisterShelly Marsh
46.9%
A Walking Towel Who Is Always Warning People About Towel AwarenessTowelie
44.9%
A Very Skinny Ethiopian BoyStarvin' Marvin
42.9%
The Principal Of South Park ElementaryPrincipal Victoria
42.9%
Mr. Garrison's Hand PuppetMr. Hat
42.9%
Cartman's Mom Who Is A ****Liane Cartman
40.8%
Wendy's Best FriendBebe Stevens
40.8%
A Strange Like Cat Creature Who Is Jesus's FatherGod
40.8%
Hint Answer % Correct
A Crazy Vice President Who Is Always Searching For Man-Bear-PigAl Gore
38.8%
Canadian TV Duo Who Think Farting Is FunnyTerrance And Phillip
36.7%
Kenny's Violent And Alcoholic FatherStuart McCormick
34.7%
South Park Elementary's 4th Grade Teacher Who Was Killed Off The ShowMs. Choksondik
34.7%
The South Park Bus Driver Who Was Killed Off The ShowMs. Crabtree
34.7%
Likes Putting Up His Middle Finger And Hates Eric Cartman And His GroupCraig Tucker
32.7%
Butter's MotherLinda Stotch
32.7%
Cartman's Pet Cat Who Is Always Meowing To Get Some FoodMr. Kitty
32.7%
Handicapped Kid Who Has A Very Small VocabularyTimmy Burch
30.6%
Butter's Strict FatherStephen Stotch
30.6%
Stan's Uncle And Own's [His Name] GunsJimbo Kern
30.6%
A Very Unpopular English Classmate Who Was Killed Off The ShowPip Pirrup
30.6%
The Priest At The Church Of South ParkFather Maxi
30.6%
The School Nurse Who Has A Dead Fetus On Her HeadNurse Gollum
30.6%
Accidently Called Sexiest Of The Class And Caused His Mother's Death By Leaving The Toilet Seat UpClyde Donavan
28.6%
Butters Sidekick When Turned Into Proffesor ChaosDougie
28.6%
The Mayor Of South ParkMayor McDaniels
28.6%
Another Ginger Redneck Who Is Always Ranting About SomethingSkeeter
28.6%
South Park Elementary's Shop TeacherMr. Adler
26.5%
Owner Of City WokTuong Lu Kim
24.5%
Jimbo's Sidekick Who Speaks Through A VoiceboxNed Gerblansky
22.4%
Kenny's MotherCarol McCormick
22.4%
The Doctor At Hells Pass HospitalDr. Doctor
10.2%
Two Kids Who Are Always Calling People GayBill And Fosse
10.2%
A Police DetectiveSergeant Harrison Yates
6.1%
Stan's GrandfatherGrandpa Marvin Marsh
6.1%
South Park's Mad ScientistDr. Alphonse Mephisto
6.1%
Satan's Gay Lover Who Was Killed Off The ShowSaddam Hussain
4.1%
A Ginger Redneck Who Is Always Ranting About SomethingDarryl Weathers
4.1%
A Kid Who Is Always Dirty And Never TalksDogPoo Petuski
4.1%
South Park FanaticKevin Stoley
2%

You're not logged in!

Compare scores with friends on all Sporcle quizzes.
OR
Log In

You Might Also Like...

Show Comments

Extras

Top Quizzes Today


Score Distribution

Your Account Isn't Verified!

In order to create a playlist on Sporcle, you need to verify the email address you used during registration. Go to your Sporcle Settings to finish the process.

Report this User

Report this user for behavior that violates our Community Guidelines.

Details: